South America called them: Exploration of the Great Naturalists La Condamine, Humboldt, Darwin, Spruce
Saved in:
| Hovedforfatter: | |
|---|---|
| Format: | Bog |
| Sprog: | engelsk |
| Udgivet: |
Nueva York
Alfred A. Knopf
1945
|
| Udgivelse: | 1a. ed |
| Fag: | |
| Tags: |
Tilføj Tag
Ingen Tags, Vær først til at tagge denne postø!
|
MARC
| LEADER | 00000nam a2200000 a 4500 | ||
|---|---|---|---|
| 001 | UCJ5502 | ||
| 003 | CL-VaPUC | ||
| 005 | 20250227100126.0 | ||
| 008 | 070124e19450000US |||||||||||||||||eng|d | ||
| 999 | |c 321611 |d 321609 | ||
| 040 | |c Pontificia Universidad Católica de Valparaíso | ||
| 082 | 0 | 4 | |a 910.4 |b HAG |2 21 |
| 100 | |a Hagen, Víctor Wolfgang von |e author |9 450559 | ||
| 245 | 1 | 0 | |a South America called them: Exploration of the Great Naturalists La Condamine, Humboldt, Darwin, Spruce |
| 250 | |a 1a. ed | ||
| 260 | |a Nueva York |b Alfred A. Knopf |c 1945 | ||
| 300 | |a 311, xxi p | ||
| 500 | |a Front., retrato de Darwin; ilustraciones y mapas conforme al índice | ||
| 583 | |a last modification |c 20070124 00:00:00 |k Rodrigo Vera | ||
| 600 | 0 | 7 | |a La Condamine, Charles Marie de |d 1701-1774 |9 859731 |
| 600 | 0 | 7 | |a HUMBOLDT, FEDERICO ENRIQUE ALEJANDRO, BARON DE |9 509244 |
| 600 | 0 | |a Darwin Charles |9 398 | |
| 600 | 0 | 7 | |a SPRUCE, RICHARD |2 CL-VaPUC |9 510731 |
| 650 | 0 | |a Viajes |9 257115 | |
| 650 | 0 | |a Expediciones científicas |9 265222 | |
| 650 | 0 | |a Descubrimientos geográficos |9 331933 | |
| 650 | 0 | |a Iconografía |9 267998 | |
| 650 | 0 | |a Mapas |9 260844 | |
| 650 | 0 | |a Ilustraciones |9 369481 | |
| 651 | 0 | |a Brasil |9 267393 | |
| 651 | 7 | |a CHILE |2 CL-VaPUC |9 510732 | |
| 651 | 0 | |a Perú |9 256567 | |
| 651 | 0 | |a Venezuela |9 254993 | |
| 852 | |a BIBCUR | ||
| 942 | |c BK |2 ddc | ||
| 945 | |d 20070124 00:00:00 |a rinostro | ||
| 952 | |0 0 |1 0 |4 0 |6 910_400000000000000_HAG_1945 |7 0 |8 X |9 400401 |a FDOBUD |b FDOBUD |d 2019-11-22 |i 1035576 |o 910.4 HAG 1945 |p 1035576 |r 2019-11-22 |w 2019-11-22 |y BK_X |k BUD | ||